| Tag |
First Indicator |
Second Indicator |
Subfields |
| LEADER |
00000cam a2200000 4500 |
| 001 |
in00000600039 |
| 005 |
20151014102506.0 |
| 008 |
730122s1972 nyu b 00010 eng |
| 010 |
|
|
|a 72075453
|
| 035 |
|
|
|a (OCoLC)00572056
|
| 035 |
|
|
|9 ACR6307AM
|
| 037 |
|
|
|c $4.95
|
| 040 |
|
|
|a DLC
|c DLC
|d TXA
|d UtOrBLW
|
| 049 |
|
|
|a TXAM
|c [1416241]
|
| 050 |
0 |
0 |
|a LC191
|b .A27
|
| 082 |
0 |
|
|a 370.19/3
|
| 100 |
1 |
|
|a Adams, Donald K.,
|d 1925-
|
| 245 |
1 |
0 |
|a Schooling and social change in modern America /
|c [by] Don Adams, with Gerald M. Reagan.
|
| 264 |
|
1 |
|a New York :
|b McKay,
|c [1972]
|
| 300 |
|
|
|a ix, 304 pages ;
|c 22 cm.
|
| 336 |
|
|
|a text
|b txt
|2 rdacontent
|
| 337 |
|
|
|a unmediated
|b n
|2 rdamedia
|
| 338 |
|
|
|a volume
|b nc
|2 rdacarrier
|
| 490 |
1 |
|
|a Educational policy, planning, and theory
|
| 504 |
|
|
|a Includes bibliographies.
|
| 650 |
|
0 |
|a Educational sociology.
|
| 650 |
|
0 |
|a Educational planning.
|
| 700 |
1 |
|
|a Reagan, Gerald M.
|
| 830 |
|
0 |
|a Educational policy, planning, and theory.
|
| 999 |
|
|
|a MARS
|
| 999 |
f |
f |
|s 7b70a9ac-77c7-3f1e-93df-1ad0256e5d4b
|i 443dcf4e-9d84-334a-afc0-4cd71743d0da
|t 0
|
| 952 |
f |
f |
|p normal
|a Texas A&M University
|b College Station
|c Sterling C. Evans Library
|d Evans: Library Stacks
|t 0
|e LC191 .A27
|h Library of Congress classification
|i unmediated -- volume
|m A14803310443
|
| 998 |
f |
f |
|a LC191 .A27
|t 0
|l Evans: Library Stacks
|